000 00445nam a2200169 i 4500
001 29333
003 ES-MaACL
005 20230906154019.0
007 t|
008 030121s1968 sp ||||1| spa d
100 1 _aBallester Escalas, R.
_925014
245 1 0 _aRoosevelt /
_cpor R. Ballester Escala.
250 _a1ยช ed.
260 _aBarcelona, etc. :
_bToray,
_c[1968]
300 _a214 p. ;
_c19 cm.
852 _aES-MaACL
_jC-35302
_bR.67932
999 _c29333
_d29333